| 000 | 00942nam a2200277 a 4500 | ||
|---|---|---|---|
| 008 | |||
| 020 | _a9781437715279 (hardback) | ||
| 040 |
_aNUST _cNUST |
||
| 049 | _aMAIN | ||
| 090 |
_aRC925.7 _bNEU |
||
| 245 | 1 | 0 |
_aNeuromuscular ultrasound/ _cedited by Francis O Walker & Michael S Cartwright. |
| 260 |
_aPhiladelphia, PA : _bElsevier/Saunders, _c2011. |
||
| 300 |
_avii, 200 pages : _billustrations (some colour) ; _c29 cm. |
||
| 336 |
_atext _btxt _2rdacontent |
||
| 337 |
_aunmediated _bn _2rdamedia |
||
| 338 |
_avolume _bnc _2rdacarrier |
||
| 500 | _aIncludes index. | ||
| 504 | _aIncludes bibliographical references. | ||
| 650 | 1 |
_aNeuromuscular diseases _xUltrasonic imaging. |
|
| 700 |
_aWalker, Francis O., _aeditor. |
||
| 700 |
_aCartwright, Michael S., _aeditor. |
||
| 907 |
_a.b10406591 _b09-07-21 _c09-07-21 |
||
| 003 | |||
| 005 | 20230120204311.0 | ||
| 942 |
_cBOOKS _kRC925.7 _mNEU |
||
| 999 |
_c120763 _d120763 |
||